Eastpoint Block A RTM Co Ltd v Otubaga (Record no. 121277)
[ view plain ]
| 000 -LEADER | |
|---|---|
| fixed length control field | 01307nam a22002297a 4500 |
| 008 - FIXED-LENGTH DATA ELEMENTS--GENERAL INFORMATION | |
| fixed length control field | 221219e20221129xxk|||||o|||| 00| 0 eng d |
| 041 ## - LANGUAGE CODE | |
| Language code of text/sound track or separate title | eng |
| 245 ## - TITLE STATEMENT | |
| Title | Eastpoint Block A RTM Co Ltd v Otubaga |
| Medium | [Electronic Resource] |
| 260 ## - PUBLICATION INFORMATION | |
| Place of publication | Upper Tribunal (Lands Chamber) |
| 510 ## - CITATION/REFERENCES NOTE | |
| Name of source | [2022] UKUT 319 (LC). Upper Tribunal (Lands Chamber), 29 November 2022 |
| 520 ## - ABSTRACT | |
| Abstract | Can an RTM company which has acquired the right to manage under Chapter 1 of Part 2, Commonhold and Leasehold Reform Act 2002 (the 2002 Act) apply to the appropriate tribunal for a determination under section 168(4), 2002 Act that a breach of covenant or condition has occurred? That is the short point raised by this appeal. |
| 520 ## - ABSTRACT | |
| Abstract | Martin Rodger KC, Deputy Chamber President presiding |
| 520 ## - ABSTRACT | |
| Abstract | The following cases are referred to in this decision:<br/>Bedford v Paragon Asra Housing Association Ltd [2021] UKUT 266 (LC); <br/>Kyriacou v Linden [2021] UKUT 288 (LC) |
| 650 ## - KEYWORDS | |
| Keywords | Commonhold and Leasehold Reform Act 2002 |
| 650 ## - KEYWORDS | |
| Keywords | LANDLORD AND TENANT |
| 650 ## - KEYWORDS | |
| Keywords | BREACH OF COVENANT |
| 650 ## - KEYWORDS | |
| Keywords | RIGHT TO MANAGE |
| 651 ## - SUBJECT ADDED ENTRY--GEOGRAPHIC NAME | |
| Geographic name | United Kingdom |
| 690 ## - BROAD SUBJECT | |
| 9 (RLIN) | 6252 |
| Broad subject | Landlord and tenant |
| 856 ## - ONLINE RESOURCE | |
| Uniform Resource Identifier | <a href="https://caselaw.nationalarchives.gov.uk/ukut/lc/2022/319">https://caselaw.nationalarchives.gov.uk/ukut/lc/2022/319</a> |
| Public note | Available on National Archives case law service |
| 942 ## - ADDED ENTRY ELEMENTS (KOHA) | |
| Suppress in OPAC | Do not suppress in OPAC |
| Lost status | Damaged status | Not for loan | Home library | Current library | Date acquired | Total Checkouts | Date last seen | Price effective from | Koha item type |
|---|---|---|---|---|---|---|---|---|---|
| Virtual | Virtual | 19/12/2022 | 19/12/2022 | 19/12/2022 | Law report |